000 01112cam a22003014a 4500
003 OSt
005 20140310182453.0
008 080424s2009 moua d 000 0 eng
020 _a9780323049375 (pbk. : alk. paper)
020 _a0323049370 (pbk. : alk. paper)
050 0 0 _aR 121
_b.M89 2009
245 0 0 _aMosby's dictionary of medicine, nursing & health professions /
246 3 _aMosby's dictionary of medicine, nursing and health professions
246 3 0 _aDictionary of medicine, nursing & health professions
250 _a8th ed.
260 _aSt. Louis, Mo. :
_bMosby/Elsevier,
_cc2009.
300 _a2185 p. :
_bcol. ill. ;
_c26 cm.
650 0 _aMedicine
_vDictionaries.
_98214
650 0 _aNursing
_vDictionaries.
_98215
650 1 2 _aMedicine
_vDictionary
_xEnglish.
_98216
650 2 2 _aAllied Health Occupations
_vDictionary
_xEnglish.
_98217
650 2 2 _aNursing
_vDictionary
_xEnglish.
_98218
710 2 _aMosby, Inc.
_98219
856 4 1 _3Table of contents only
_uhttp://www.loc.gov/catdir/toc/ecip0817/2008018965.html
942 _2lcc
_cSSLC
999 _c13701
_d13701